Statistiques concernant CULTURE G : Nico's quiz #1

Cliquez ici pour prendre le quiz!

Statistiques générales

  • Ce quiz a été pris 50 fois
  • Le résultat moyen est 6 sur 20

Statistiques - réponses

HintRéponse% Correct
Ville où est fondée la marque LU en 1846.Nantes
67%
La dernière pièce de Molière.Le malade imaginaire
63%
Pays frontalier avec les États-Unis, outre le Canada et le Mexique.Cuba
54%
Nom du détroit séparant l'Alaska de la Russie.Bering
50%
Formation géographique en forme de triangle, à l'embouchure d'un fleuve, se divisant en plusieurs bras avant de se jeter dans un plan d'eau.Delta
50%
L'album le plus vendu de tous les temps.Thriller
50%
Gaz toxique pouvant être émis par une chéminée non entretenue.Monoxyde de carbone
41%
Force militaire chargée de veiller à la sécurité du pape et du Vatican, selon une tradition vieille de plus de 500 ans.Garde suisse
37%
Premier produit commercialisé par Lamborghini, en 1948.Tracteur
37%
Nom donné à l'esthétique visuelle d'un film, qui englobe la façon dont la lumière, les couleurs ou la composition sont utilisés.Photographie
28%
Valeur en km d'un mile (3 chiffres significatifs)1,61
24%
Le volcan ayant produit lors d'une éruption en 1883 le bruit le plus fort jamais enregistré.Krakatoa
20%
Traduction du mot russe "bystro", qui serait à l'origine de l'appelation "bistrot" pour les cafés.Vite
20%
Confiture de lait caramélisée et onctueuse, originaire d'Amérique latine.Dulce de leche
17%
Entrepreneur et inventeur américain ayant racheté Pixar en 1986.Steve Jobs
15%
Le 3e élément le plus répandu dans l'atmosphère terrestre.Argon
13%
Enzyme extraite de l'estomac des jeunes ruminants, utilisée dans la fabrication du fromage pour coaguler le lait et former le caillé.Présure
13%
Figure de style consistant à utiliser un nom propre comme un nom commun, ou inversement. (ex : Scotch pour ruban adhésif)Antonomase
9%
Abri public souvent utilisé comme lieu d'attente ou de refuge temporaire (communément appelé "Abribus", marque déposée par JCDecaux).Aubette
7%
Poisson le plus rapide, capable d'attendre les 110 km/h.Espadon voilier
4%

Distribution des résultats

Percentile par nombre de réponses

% des personnes avec chaque résultat

Votre développement - résultats

Vous n’avez pas pris ce quiz